Länder, die dem Südsudan am nächsten liegen - Statistiken

Allgemein
  • Dieses Quiz wurde 146 mal gespielt
  • Das Durchschnittsergebnis liegt bei 18 aus 20
Antwortstatistiken
km Land % Korrekt
0 Sudan
100%
167 Tschad
98%
0 Dem Rep Kongo
97%
0 Kenia
97%
792 Kongo
97%
597 Somalia
96%
0 Äthiopien
95%
1086 Ägypten
94%
420 Eritrea
94%
0 Uganda
94%
0 Zentralafrikanische Republik
93%
857 Dschibuti
92%
507 Ruanda
92%
655 Burundi
89%
497 Tansania
87%
1024 Libyen
84%
877 Kamerun
77%
1013 Nigeria
74%
1070 Jemen
68%
1046 Saudi-Arabien
65%
Keine übereinstimmenden Quizze gefunden
Verteilung der Resultate
Anzahl Personen mit jedem Resultat
Perzentil nach korrekt beantworteten Fragen
Ihre Resultats-Entwicklung
Sie haben dieses Quiz noch nicht gespielt